| 000 | 005760000a22001810004500 | ||
|---|---|---|---|
| 003 | MACL | ||
| 005 | 20160205111612.0 | ||
| 008 | 160205b xxu||||| |||| 00| 0 eng d | ||
| 040 |
_aMACL _cMACL |
||
| 041 | _aHindi | ||
| 082 | _a025.21/SHA | ||
| 100 |
_aशास्त्री दारकाप्रसाद _936890 |
||
| 245 | _aपुस्तक-चयन और संदर्भ सेवा | ||
| 260 |
_bसाहित्य भवन _aइलाहाबाद |
||
| 350 | _a10 | ||
| 650 |
_aLibrary & Inf Science _936940 |
||
| 942 |
_cSAN _k020 _2ddc |
||
| 999 |
_c26736 _d26736 |
||